[Event "Leonid Stein Memorial-B"]
[Site "Lvov"]
[Date "2000.05.14"]
[Round "3"]
[White "Taimanov, Mark E"]
[Black "Atalik, Suat"]
[Result "1/2-1/2"]
[WhiteElo "2402"]
[BlackElo "2575"]
[Annotator "Atalik,S"]
[PlyCount "130"]
[EventDate "2000.05.12"]
[EventType "tourn"]
[EventRounds "10"]
[EventCountry "UKR"]
[EventCategory "10"]
[SourceTitle "EXT 2002"]
[Source "ChessBase"]
[SourceDate "2001.11.25"]
[SourceVersion "1"]
[SourceVersionDate "2001.11.25"]
[SourceQuality "1"]

1. c4 b6 2. Nf3 Bb7 3. Nc3 e6 4. d4 Bb4 5. Bd2 $6 Nf6 6. g3 Nc6 7. a3 Bxc3 8.
Bxc3 Ne4 9. Qd3 d5 10. Bg2 O-O 11. O-O a5 12. b4 Ne7 13. Rfc1 (13. cxd5 exd5
14. b5 c6 15. bxc6 Ba6 $17) 13... dxc4 14. Qxc4 Ba6 15. Qb3 (15. b5 Nd6 16. Qb3
Bxb5 17. Ne5 Rc8 $19) (15. Qa2 Nxc3 16. Rxc3 axb4 17. axb4 Bxe2 $19) 15... Nd5
$2 (15... Nxc3 16. Qxc3 Bxe2 (16... axb4 $6 17. axb4 Bxe2 18. Rxa8 Qxa8 19. Ng5
Qa6 20. Qc2 Ng6 21. Qxc7 $15) 17. Qxc7 (17. Ne5 Ra6) 17... Qxc7 18. Rxc7 Nd5
$17) 16. Be1 Bxe2 17. bxa5 $2 (17. Ne5 Nef6 18. bxa5 bxa5 19. Nc6 Qd6 (19...
Qd7 $1 20. Bxa5 $14) 20. Bxa5 $1 (20. Nxa5 Qb6) 20... Ra6 21. Bb4 Nxb4 22. Qxb4
$14) 17... Bxf3 18. Bxf3 Nef6 19. axb6 cxb6 20. Qb5 {Draw offer.} Ra7 21. a4 h6
22. a5 bxa5 23. Rxa5 Rxa5 (23... Rd7 24. Bd2 Nc7 25. Qe5 Rxd4 $2 26. Bxh6) 24.
Bxa5 Qa8 25. Rc5 Rb8 26. Qc6 $1 (26. Qc4 $2 Rb1+ 27. Kg2 Ne3+ $19) (26. Qd3 Nd7
) (26. Qe2 Nd7) 26... Qxc6 (26... Qa7 27. Qd6) 27. Rxc6 Rb3 28. Kg2 Ra3 29. Bd8
Ra4 30. Bxf6 (30. Rc8 Kh7 31. Bxf6 $11 (31. Bd1 $6 Rxd4 32. Bc2+ g6)) 30...
Nxf6 31. Rc8+ Kh7 32. Rd8 $6 (32. Rc7 Kg8 $8 (32... Kg6 $2 33. Bd1 $16)) 32...
g5 33. Bc6 Ra2 34. h3 Kg7 (34... Rd2 35. Kf3 (35. Kf1 Nd5 36. Bxd5 (36. Rd7 $11
) 36... Rxd4 37. Rd7 $11) 35... Kg7) 35. Ra8 Rd2 36. Ra4 g4 37. d5 $1 (37. hxg4
Nxg4 38. d5 Ne3+ 39. Kf3 Nxd5 40. Bxd5 Rxd5 $15) (37. h4 Rd1 $15) 37... gxh3+
38. Kxh3 exd5 39. Rf4 Rc2 40. Bb5 Rb2 41. Bd3 Rb6 42. Kg2 Rd6 43. Kf3 Nd7 44.
Ke3 Nc5 45. Rg4+ Kf6 (45... Kf8 46. Kd4 Ne6+ 47. Ke5 Ke7 48. Rh4 (48. Ra4 Rd7)
48... Ng5 $15) 46. Rh4 Ke7 47. Kd4 Ne6+ 48. Ke3 d4+ 49. Kd2 Ng5 (49... Nc5 50.
Rh5) 50. Kd1 (50. Be2 Kf8) 50... Nf3 51. Rf4 Ne5 (51... Rf6 52. Re4+ Re6 53.
Kc2 Ne1+ 54. Kd2 $11) 52. Re4 Kf6 53. Ke2 Ng6 54. Bc4 h5 55. Kd2 Kf5 56. Bd3
Kg5 57. f4+ Kh6 (57... Kg4 $5 58. f5+ Kxg3 59. fxg6 fxg6 60. Re1 Kf2 61. Rf1+
Kg2 62. Rf8 $1 $11) 58. f5 Nf8 59. Bc4 f6 (59... Rd7 60. Kd3) 60. Be2 (60. Re6
$142 $1 Nxe6 61. fxe6 Rd8 62. Bb5 Kg5 63. e7 Rb8 64. e8=Q Rxe8 65. Bxe8 Kg4 66.
Kd3 $11) 60... Kg5 61. Rh4 Kxf5 62. Rxh5+ Kg6 63. g4 Nd7 (63... Kg7 64. Bd3 Ne6
65. Rh7+ Kf8 66. Bf5 $11) 64. Bd3+ Kg7 65. g5 fxg5 1/2-1/2

[Event "Olympiad-33"]
[Site "Elista"]
[Date "1998.10.12"]
[Round "13.4"]
[White "Avrukh, Boris"]
[Black "Shariyazdanov, Andrey"]
[Result "1-0"]
[WhiteElo "2565"]
[BlackElo "2530"]
[Annotator "Avrukh,B"]
[PlyCount "65"]
[EventDate "1998.09.29"]
[EventType "team-swiss"]
[EventRounds "13"]
[EventCountry "RUS"]
[SourceTitle "CBM 068"]
[Source "ChessBase"]
[SourceDate "1999.02.01"]
[SourceVersion "1"]
[SourceVersionDate "1999.02.01"]
[SourceQuality "1"]
[WhiteTeam "Israel"]
[BlackTeam "Russia II"]
[WhiteTeamCountry "ISR"]
[BlackTeamCountry "RUS"]

1. d4 Nf6 2. c4 e6 3. Nc3 Bb4 4. Nf3 b6 5. Qb3 c5 6. Bg5 h6 (6... Nc6 7. e3 h6
8. Bh4 g5 9. Bg3 Ne4 10. Bd3 Bxc3+ 11. bxc3 Nxg3 12. hxg3 d6 13. Be4 Bd7 14.
Bxc6 Bxc6 15. d5 $1 $16 {Condie,M-Cullip,S/Edinburgh op 1989/1-0 (51)}) 7. Bh4
Nc6 $6 (7... Bb7 8. e3 Qe7 9. O-O-O cxd4 10. exd4 Bxc3 11. Qxc3 d5 12. Kb1 O-O
13. Ne5 g5 (13... dxc4 14. Bxc4 Bxg2 (14... Rc8) 15. Rhg1 Be4+ 16. Ka1 Kh8 17.
Qe3 Bh7 18. Qf3 $18) 14. Bg3 dxc4 15. Bxc4 Rc8 16. h4 Nd5 (16... b5 17. hxg5
Ne4 18. Qe3 bxc4 19. g6) 17. Qd2 f6 (17... Nc6 18. Ng4) 18. hxg5 hxg5 (18...
fxe5 19. Rxh6 Nd7 (19... Rxc4 20. Bxe5) 20. Rdh1 Qg7 21. Qe2 (21. Bb3) 21...
Rxc4 22. Qh5 (22. Qxc4) 22... Nc3+ 23. Ka1 Kf8 24. Rh8+ Ke7 25. Rh7) 19. Bxd5
Bxd5 (19... exd5 20. Rh6 fxe5 21. Bxe5) 20. Rh8+ {[%cal Ge5g6] 1-0 Alterman,
B-Kurajica,B/Dresden 1998/CBM 65/[Tisdall] (20)}) (7... g5 8. Bg3 Ne4 9. e3
cxd4 10. Nxd4 Na6 11. O-O-O Bxc3 12. bxc3 Nac5 13. Qc2 Nxg3 14. hxg3 a6 15. Be2
Bb7 16. Bf3 Bxf3 17. gxf3 Qf6 $13) 8. d5 $1 (8. O-O-O Ba6 (8... Na5 9. Qc2 cxd4
10. Ne4 Be7 11. Bxf6 gxf6 12. Nxd4 f5 13. Nc3 Bb7 $13) 9. d5 Na5 10. Qc2 g5 11.
Bg3 Bxc4 12. Ne5 Bxc3 13. Nxc4 Nxc4 14. Qxc3 b5 15. b3 Nb6 16. Be5 Nfxd5 17.
Qf3 f6 18. Bd6 Kf7 19. e4 Nb4 20. Bxb5 $16 {1-0 Lev,R-Kogan,A/ISR-ch 1992/TD
92\10 (38)}) 8... Na5 9. Qc2 Nxc4 (9... exd5 10. cxd5 O-O (10... g5 11. Bg3
Nxd5 $4 12. Qe4+ $18) 11. e3 d6 (11... g5 12. Bg3 Nxd5 13. O-O-O Bxc3 14. bxc3
Bb7 15. h4 $40) 12. Be2 Bxc3+ (12... g5 13. Bg3 Nxd5 14. O-O-O) 13. bxc3 (13.
Qxc3 $2 Nxd5 $1 $15) 13... Qe7 14. Nd2 Bd7 (14... g5 15. Bg3 Nxd5) 15. O-O Rae8
16. c4 $14 {[%csl Ra5][%cal Ye3e4,Yf2f4] 1-0 Sokolov,I-Granda Zuniga,J/Wijk
aan Zee 1997/CBM 57/[Jacoby,G] (48)}) (9... d6 10. e4 e5 11. Nd2 Bxc3 (11...
Bd7 12. Ndb1 g5 13. Bg3 Nh5 14. a3 Bxc3+ 15. Nxc3 Qf6 16. O-O-O O-O-O 17. f3
Qg6 18. Bf2 Kb8 19. g3 f5 20. b4 Nb7 21. Bd3 fxe4 22. Nxe4 $16 {1-0 Van Wely,
L-Tiviakov,S/Groningen 1994 (50)}) (11... Nb7 12. f3 Bxc3 13. Qxc3 Nxe4 14.
Bxd8 Nxc3 15. Bh4 Na4 16. O-O-O a6 17. Kc2 b5 18. cxb5 axb5 19. Bxb5+ Bd7 20.
Bc6 Bxc6 21. dxc6 Na5 22. Ne4 $16) 12. Qxc3 Qe7 13. Be2 Nxd5 14. Qg3 g5 15.
exd5 gxh4 16. Qg7 Qf8 17. Qf6 {[%cal Gd2e4]} Rg8 18. O-O-O $40 {Sokolov,
I-Bauer,C/EU-ch Rapid-30' 1996/1-0 (77)}) 10. O-O-O (10. e4 $2 Nxb2 $1 11. Qxb2
(11. Bxf6 Qxf6 12. e5 Qf4 13. Qxb2 exd5 $17) 11... g5 12. Bg3 Nxe4) 10... Bxc3
11. Qxc3 b5 $8 $146 (11... Na5 12. e4 O-O 13. e5 Ne4 14. Qe3 g5 15. Qxe4 exd5
16. Rxd5 {1-0 Peng,Z-Janssen,R/Wijk aan Zee 1997/CBM 57 (16)}) (11... exd5 12.
Rxd5 (12. e4 $5) 12... Na5 13. Rd6 Qc7 14. Rxf6 d5 15. Qe3+ Kf8 16. Bg3 {
1-0 Miles,A-Kalesis,N/Chania 1997/EXT 97 (16)}) 12. e4 Qc7 13. d6 (13. Bxc4
$142 Qf4+ (13... bxc4 $2 14. d6 $18) 14. Kb1 bxc4 15. Rhe1 O-O 16. g3 Nxe4 (
16... Qg4 17. Bxf6 gxf6 18. Qxf6 Qg7 19. Qxg7+ Kxg7 20. Ne5 $18) 17. gxf4 Nxc3+
18. bxc3 $16) (13. Bxf6 $6 Qf4+ 14. Kb1 Qxf6 $13) 13... Nxd6 14. Rxd6 (14. e5
Nf5 (14... Nd5 15. exd6 (15. Rxd5 $2 Ne4 $1) 15... Nxc3 16. dxc7 Nxd1 17. Bxb5
g5 $140 18. Bg3 f5 19. Rxd1 f4 20. Bc6 $1 $18) 15. exf6 Nxh4 16. fxg7 Rg8 17.
Nxh4 Qf4+ 18. Kb1 Qxh4 19. Bxb5 Qg5 $11) (14. Bxf6 Nxe4 $1 (14... gxf6 $5 15.
Qxf6 Rg8 16. Qf4 Ke7 17. e5 Nf5 18. g4 Nd4 $13) 15. Qe5 Qxe5 16. Bxe5 Nxf2 17.
Bxb5 Nxh1 18. Rxh1 a6 19. Ba4 Bb7 20. Rd1 Bd5 21. Bd6 f6 $15) (14. Qe5 Nfxe4 (
14... Ke7 $2 15. Qg3 $1 {[%csl Rc7,Re7][%cal Gg3g7,Ge4e5]} g5 16. e5 $18) 15.
Qxg7 Rf8 $13 {[%cal Gc8b7]}) (14. Bg3 Ndxe4 (14... Nfxe4 15. Qxg7 Rf8 16. Qe5
Bb7 17. Rxd6 Nxd6 18. Qxd6 Qxd6 19. Bxd6 Rg8 $15) 15. Bxc7 (15. Qxf6 Qxg3 $3
$19) 15... Nxc3 16. bxc3 Ne4 17. Re1 Nxc3 18. Be5 Nxa2+ 19. Kb1 Nb4 20. Bxg7
$13) 14... Qxd6 15. e5 Nd5 16. exd6 Nxc3 17. bxc3 a6 (17... c4 18. Nd4 a6 19.
Be2 $16 {[%cal Ge2h5]}) 18. Ne5 Bb7 (18... f6 19. Ng6 (19. Nd3 c4 20. Nc5 $16)
19... Rg8 20. Be2 Bb7 21. Ne7 Rf8 22. Bh5+ Kd8 23. f3 {[%cal Gh4f2,Gf2b6]}) 19.
Be2 {[%cal Ge2h5]} g5 20. Bg3 Bxg2 $2 (20... h5 $8 21. f3 (21. Nd3 Rc8 $13)
21... f6 (21... c4 22. h4 f6 23. Ng6 Rh6 24. Ne7 $16) 22. Nd3 c4 23. Nc5 Bc6
24. h4 Rg8 25. Rh2 $1 {with advantage.}) 21. Rg1 Bd5 22. Bh5 Rf8 (22... Rh7 23.
Ng4 $1 $18) 23. f4 {[%csl Rf7][%cal Gf4g5,Gg1f1]} O-O-O (23... gxf4 $2 24. Bh4
$1 $18 {[%csl Re8]}) 24. fxg5 (24. Nxf7 $6 Bf3 $1 (24... e5 $2 25. Nxd8 exf4
26. Bf2 Kxd8 27. Bxc5 Bxa2 28. Bf3 $16) (24... Rxf7 25. Bxf7 Rf8 26. Bh5 gxf4
27. Bf2 $14) 25. Bg6 Be4 26. Bxe4 Rxf7 $13) 24... f6 (24... hxg5 25. Nxf7 Bf3
26. Bg6 Be4 27. Bxe4 Rxf7 28. Kd2 Rdf8 29. Bg2 $16 {[%cal Ga2a4]}) 25. gxf6
Rxf6 26. Bh4 Rf5 27. Bxd8 Rxe5 (27... Rxh5 28. Rg8 (28. Bf6 Rxh2 29. Rg7 $5)
28... Kb7 29. Nxd7 Kc6 30. Nf6 $18 {[%cal Gd6d7]}) 28. Bd1 Re3 29. Bf6 Rh3 30.
c4 $1 (30. Be5 Re3 31. Bf4 Rxc3+ 32. Kb2 Rc4 $1 (32... Rh3 $2 33. Rg8+ Kb7 34.
Bg3 h5 35. Rh8 $18) 33. Bxh6 Rh4 $11) 30... Bxc4 (30... bxc4 31. Be5 $1 {
and white must win this ending.} (31. Ba4 Rxh2 32. Rg8+ Kb7 33. Bxd7 Rh1+ 34.
Kb2 Rh2+ 35. Ka3 $4 (35. Kc1 $11) 35... c3 $19)) 31. Rg8+ Kb7 32. Rd8 Kc6 33.
Be7 $138 {[%csl Rd7][%cal Gd8c8,Gc8c7] 33...
Bd534Rc8-Kb635Bd8-Kb736Rc7-Kb837Be7!-Bc638Rc6 +-} 1-0

[Event "ISR-ch op"]
[Site "Ramat Aviv"]
[Date "1999.??.??"]
[Round "8"]
[White "Avrukh, Boris"]
[Black "Tsesarsky, Ilya"]
[Result "1-0"]
[WhiteElo "2609"]
[BlackElo "2430"]
[Annotator "Avrukh,B"]
[PlyCount "69"]
[EventDate "1999.03.28"]
[EventType "swiss"]
[EventRounds "9"]
[EventCountry "ISR"]
[SourceTitle "CBM 070"]
[Source "ChessBase"]
[SourceDate "1999.06.08"]
[SourceVersion "1"]
[SourceVersionDate "1999.06.08"]
[SourceQuality "1"]

1. d4 Nf6 2. c4 e6 3. Nf3 b6 4. Nc3 Bb4 5. Qb3 a5 6. Bg5 h6 7. Bh4 Nc6 {
[%cal Ga5a4][%mdl 8]} (7... Bb7 8. a3 (8. e3 d6 9. Bd3 (9. Be2 g5 10. Bg3 Ne4
11. d5 (11. O-O-O $6 Bxc3 12. bxc3 Nd7 13. Ne1 h5 $1 {[%csl Gg3]} 14. h4 (14.
f3 h4 $1) 14... g4 15. Nd3 Nxg3 16. fxg3 Bxg2 $17 {0-1 Conquest,S-Onischuk,A/
GER 1997/BL9697 (57)}) 11... Nd7 12. Nd4 Ndc5 13. Qc2 Bxc3+ 14. bxc3 e5 {
1/2-1/2 Stohl,I-Polak,T/Olomouc CZE 1998 (14)}) 9... Nbd7 10. O-O-O Bxc3 11.
Qxc3 g5 (11... a4 $143 12. Qc2 {[%csl Ge4]} Ra5 13. Nd2 g5 14. Bg3 Bxg2 15.
Rhg1 Bb7 16. f3 Qa8 17. Rdf1 Ke7 18. Be1 $44 {[%csl Ya5][%cal Gf3f4,Gd2e4] 1-0
Miles,A-Bischoff,K/Havana 1998/CBM 65_03 (44)}) (11... Qc8 $6 12. Qc2 c5 13. d5
$1 e5 (13... exd5 14. Bf5 $36) 14. Nd2 g5 15. Bg3 Qc7 16. f4 exf4 17. exf4
O-O-O 18. fxg5 hxg5 19. Rhf1 $16 {1-0 Khalifman,A-Tunik,G/Maikop 1998/TW 189 
(50)}) 12. Bg3 Ne4 13. Qc2 f5 14. Ne1 {[%cal Gf2f3]} Qf6 15. f3 Nxg3 16. hxg3
O-O-O 17. Qc3 {[%cal Ge1c2]} f4 {and black fine.0-1 Filipenko,A-Tunik,G/Moscow
RUS 1999 (47)}) 8... a4 9. Qc2 Bxc3+ 10. bxc3 $1 d6 11. e3 Nbd7 12. Bd3 O-O 13.
O-O c5 14. Nd2 Qc7 15. f3 $14 {1-0 Garcia Palermo,C-Quiroga,F/Pico City 1996/
EXT 97 (31)}) 8. O-O-O ({Nothing gives} 8. d5 Bxc3+ (8... a4 {also good} 9. Qc2
Ne7 10. Bxf6 (10. a3 Bxc3+ 11. Qxc3 Nf5 12. Bxf6 Qxf6 13. Qxf6 gxf6 14. e4 Nd6
{and black is OK}) 10... gxf6 11. a3 Bxc3+ 12. Qxc3 e5 13. e4 d6 {[%cal Gf6f5]}
) 9. Qxc3 exd5 10. cxd5 Nb4 11. e4 $140 Qe7 $1 $17 {[%cal Ge7e1]}) 8... Bxc3 (
8... g5 9. d5 $5 (9. Bg3 Bxc3 10. Qxc3 Nb4 11. Qb3 (11. Kb1 $2 Ne4 12. Qb3 Bb7
13. d5 exd5 14. cxd5 Qe7 {[%csl Rb1] looks very dangerous for white.}) 11... d5
12. e3 c5 $132 {[%cal Ga5a4]}) 9... Bxc3 (9... gxh4 10. dxc6 Ng4 {[%csl Gf2]}
11. Ne4 f5 12. Nd4 {[%cal Gd4e6]} d6 13. h3 Ne5 14. Nd2 $14 {[%csl Re8]}) 10.
dxc6 (10. Bg3 $6 exd5 11. cxd5 (11. Qxc3 d6 $1) 11... Nxd5 12. Qxd5 Bg7 $17)
10... Ne4 11. Qc2 (11. Bg3 Bg7 12. e3 Nxg3 13. hxg3 Qf6 $1 $17) 11... f5 12.
Bg3 (12. bxc3 gxh4 13. cxd7+ $140 Bxd7 14. Ne5 Nxf2 $1 15. Rxd7 Qg5+ 16. Kb1
Nxh1 $19) 12... Bf6 (12... Bg7 13. Be5 $36) 13. e3 d6 $11) 9. Qxc3 Nb4 (9... g5
$142 10. Bg3 Nb4 {see notes to 8..g5}) 10. Kb1 g5 $6 (10... Bb7 11. Nd2 (11. d5
exd5 12. a3 (12. Bxf6 Qxf6 13. Qxf6 gxf6 14. a3 Nc6 15. cxd5 Ne5 $11 16. Nh4
$140 Ng4 $1 17. Rd4 Nxf2 18. Rg1 Rg8 $17 {[%cal Gf2h3]}) 12... dxc4 13. axb4 (
13. Qe5+ Kf8 14. axb4 axb4 $13) (13. Bxf6 $2 Be4+) 13... Be4+ 14. Kc1 axb4 15.
Qxc4 g5 16. Bg3 c5 $44 {[%csl Rc1]}) 11... d5 12. e3 (12. a3 Na6 13. e3 Ne4 $11
) 12... O-O 13. f3 $14) 11. Nxg5 $1 {[%mdl 512] Very logical piece-sacriface:
black's king still in the centre and white's pressure by h4-d8-diagonal is
very unpleasant and limits black's play very much.} (11. Bg3 Ne4 {with nice
position for black.see 8..g5}) 11... Nfd5 (11... hxg5 12. Bxg5 Ne4 (12... Rg8
13. h4 d5 (13... Bb7 14. d5 $1) 14. e3 (14. a3 Na6 (14... Nc6 $2 15. cxd5 {
[%csl Gc6]}) 15. Qf3 Rg6) 14... Bb7 15. a3 Na6 16. f3 $44) 13. Bxd8 Nxc3+ 14.
bxc3 Kxd8 15. cxb4 axb4 $16) 12. cxd5 hxg5 13. Bg3 (13. dxe6 Bb7 (13... Rxh4
14. Qf3 $18 {[%csl Ra8,Rf7]}) 14. d5 Rxh4 15. exf7+ Kf8 16. g3 Rh6 $17) 13...
Nxd5 14. Qc2 $2 (14. Qe1 $1 {A.Finkel} f5 (14... Bb7 15. e4 Nf6 16. f3 $16) (
14... Ba6 15. e4 Bxf1 16. Rxf1 Nf4 17. Qc3 $16 {[%cal Gd4d5]}) 15. e4 fxe4 16.
Qxe4 Rh6 (16... Qe7 17. Qg6+ Qf7 18. Qxg5 $16) 17. h4 (17. Be2 Bb7 18. Bh5+ Ke7
$13) 17... Bb7 18. Qg4 Qe7 19. Bd3 $16) 14... f5 15. e4 (15. Be5 Rh6 $1) 15...
Nb4 (15... fxe4 16. Qxe4 $36) 16. Qxc7 (16. Bxc7 Nxc2 17. Bxd8 Kxd8 18. Kxc2
fxe4 19. d5 Bb7 $1 20. dxe6 d5 $11) 16... f4 (16... Qxc7 $143 17. Bxc7 fxe4 18.
Bxb6 Ba6 19. Bc7 {[%csl Yh2]} Bd3+ 20. Bxd3 Nxd3 21. Rd2 $16 {[%cal Gf2f3]})
17. Bxf4 gxf4 18. Qxf4 {[%mdl 1024]} Qh4 19. Qe3 (19. Qxh4 $143 Rxh4 20. f3 Bb7
{and black chances is clearly better in this endgame.}) 19... Bb7 20. f3 (20.
d5 $2 Qh7 21. Bd3 O-O) 20... Qh6 (20... O-O 21. a3 Nc6 22. d5 Ne5 (22... exd5
$2 23. Rxd5 $16 {[%csl Gb6][%cal Gf1c4]}) 23. dxe6 dxe6 24. Rd6 (24. Qxb6 Bc6
$36 {[%cal Gf8b8]}) 24... Rad8 (24... Qf6 25. Rxb6 Bc6 26. Be2 $16) 25. Rxe6
Rd1+ 26. Ka2 $16) 21. Qb3 O-O 22. a3 Nc6 23. d5 Ne5 24. Qxb6 $2 {[%mdl 16384]
Strategically very bad move:first- white takes the b-pawn,which isn't so
important and also gives to black to create dangerous play on b-file:and the
most important thing ,that pawnstructure in the centre changes not in white's
favour.} (24. dxe6 $142 Qxe6 (24... dxe6 $2 25. Rd6) 25. Qxe6+ dxe6 26. Rd6
Rad8 (26... Bc6 27. Rxe6 Rfe8 28. Rxe8+ Rxe8 29. Be2 $14) 27. Rxb6 Bxe4+ 28.
fxe4 Rd1+ 29. Ka2 Rfxf1 30. Rxf1 Rxf1 31. Rxe6 $14) 24... Rab8 25. Qd4 Qg7 26.
Be2 exd5 27. exd5 d6 28. f4 Qg6+ $2 (28... Nd7 $1 {[%cal Gd7c5]} 29. g3 (29.
Rd3 Qxd4 30. Rxd4 Nc5 31. b4 axb4 32. axb4 Ba6 $1 $17) 29... Nc5 30. Qxg7+ Kxg7
31. Bc4 Bc8 $17 {[%cal Gc8f5]}) (28... Ng6 $6 29. g3) 29. Ka1 $138 (29. Ka2
$142 Nd7 30. Rd3 Qf6 31. Rg3+ Kh8 32. Rh3+ $11) 29... Nd7 {[%cal Gd7c5]} 30.
Rd3 Nc5 31. Rh3 (31. Rg3 $4 Qxg3 $1 32. hxg3 Nb3+ $19) 31... Bc8 $4 {[%mdl
8192]} (31... Qg7 32. Qc4 (32. Qd1 Ne4 $1 {[%csl Rb2][%cal Ge4f2]}) (32. Rd1
Qxd4 33. Rxd4 Rfe8 34. Bd1 (34. Bb5 Re1+ 35. Ka2 Bc8 36. Rg3+ Kf7 37. a4 Ba6 $1
38. Bxa6 Nxa6 $17 {[%cal Ga6b4]}) 34... a4 (34... Bc8 35. g4 (35. Rg3+ Kf8 36.
b4 axb4 37. axb4 Na6 38. Rb3 Nc7 $36 {[%cal Gc7b5]}) 35... Re1 36. Ka2)) (32.
Qxg7+ Kxg7 33. b4 axb4 34. axb4 Ne4 $17) 32... Ba6 33. Qc2 Bxe2 34. Qxe2 Rfe8
35. Qc2 (35. Qxe8+ Rxe8 36. Rg3 a4) 35... Ne4 36. Re1 Rec8 37. Qe2 $13) (31...
Qf6 32. Rg3+ Kh8 33. Rh3+ $11) 32. Qh8+ Kf7 33. Rh7+ Ke8 34. Bh5 $1 $18 Qxh5 (
34... Rxh8 $142 35. Bxg6+ Kf8 36. Rxh8+ Kg7 37. Rxc8 Rxc8 38. Bc2 $18) 35. Re1+
$1 1-0

[Event "RUS-ch 53rd"]
[Site "Samara"]
[Date "2000.06.27"]
[Round "11"]
[White "Poluljahov, Aleksandr"]
[Black "Ibragimov, Ildar"]
[Result "1-0"]
[WhiteElo "2526"]
[BlackElo "2611"]
[Annotator "Baburin,A"]
[PlyCount "49"]
[EventDate "2000.06.03"]
[EventType "swiss"]
[EventRounds "11"]
[EventCountry "RUS"]
[SourceTitle "CBM 078"]
[Source "ChessBase"]
[SourceDate "2000.10.18"]
[SourceVersion "1"]
[SourceVersionDate "2000.10.18"]
[SourceQuality "1"]

1. d4 Nf6 2. c4 e6 3. Nf3 b6 4. Nc3 Bb4 5. Qb3 c5 6. Bg5 h6 7. Bh4 Bb7 8. e3 d6
9. O-O-O Bxc3 10. Qxc3 g5 11. Bg3 Ne4 12. Qc2 Qe7 13. Bd3 Nxg3 14. hxg3 Nc6 15.
Qa4 O-O-O 16. Be4 Nb4 17. Bxb7+ Qxb7 18. a3 Nc6 19. g4 Kb8 20. dxc5 bxc5 21.
Qc2 Na5 $2 {Instead of making this decentralising move Black should have sat
tight and try to consolidate his position.} 22. Qc3 Qa6 $2 (22... Qc7 $142) 23.
Nxg5 $1 Rhg8 $6 24. Nxf7 Rxg4 {[%tqu "En","How can White conclude the game?",
"Ward off Black's attack on the c4-pawn and win more material.","Use various
tactical motifs to win the a5-knight.","f7e5","This is the most forceful way
to finish the game.",4,"f2f4","",3,"f7e5","",0]} 25. Ne5 $1 {This is the most
forceful way to finish the game.} (25. f4 $1 $18) (25. Ne5 Rgg8 26. Qxa5 $1
Qxa5 27. Nc6+ Kc7 28. Nxa5 $18) 1-0

[Event "Yerevan"]
[Site "Yerevan"]
[Date "1989.??.??"]
[Round "?"]
[White "Lputian, Smbat G"]
[Black "Anastasian, Ashot"]
[Result "1-0"]
[WhiteElo "2610"]
[BlackElo "2475"]
[Annotator "Bulletin"]
[PlyCount "77"]
[EventDate "1989.05.??"]
[EventType "tourn"]
[EventRounds "11"]
[EventCountry "URS"]
[EventCategory "12"]
[SourceTitle "CBM 014"]
[Source "ChessBase"]
[SourceDate "1990.02.01"]
[SourceVersion "1"]
[SourceVersionDate "1990.02.01"]
[SourceQuality "1"]

1. d4 Nf6 2. c4 e6 3. Nc3 b6 4. Nf3 Bb4 5. Bg5 h6 6. Bh4 c5 7. dxc5 $6 Bxc3+ 8.
bxc3 bxc5 9. e3 d6 $1 10. Nd2 Bb7 11. Be2 Nbd7 12. O-O Qc7 13. Bf3 Rb8 14. Bxb7
Rxb7 15. Qa4 Ke7 16. Rab1 Rhb8 (16... Rxb1 17. Rxb1 Rb8 18. Rb3 Rb6 $10) 17.
Rb3 Rb6 18. Rfb1 g5 19. Bg3 Qb7 20. f3 Rc8 21. Rb5 $14 Rb8 22. h3 Qc6 23. Qc2
Rxb5 $2 24. cxb5 Rxb5 $2 25. Bxd6+ Ke8 26. Rxb5 Qxb5 27. c4 Qa6 28. Bg3 Qa3 29.
Nb3 a5 30. Qd2 a4 $2 31. Na5 Kf8 32. Nc6 Kg7 33. Bc7 Kh7 34. Ba5 Nf8 35. Bc3 {
35.Na7 /\ Nb5} Nh5 36. Qc2+ {36.Na7} Ng6 37. g4 Ng7 38. Kf2 Kg8 39. Na7 1-0

[Event "EU-ch 17th"]
[Site "Gjakova"]
[Date "2016.05.14"]
[Round "3"]
[White "Melkumyan, Hrant"]
[Black "Svane, Rasmus"]
[Result "0-1"]
[WhiteElo "2646"]
[BlackElo "2526"]
[Annotator "CB"]
[PlyCount "96"]
[EventDate "2016.05.12"]
[EventType "swiss"]
[EventRounds "11"]
[EventCountry "KOS"]
[SourceTitle "CBM 173"]
[Source "ChessBase"]
[SourceDate "2016.07.12"]
[SourceVersion "1"]
[SourceVersionDate "2016.07.12"]
[SourceQuality "1"]

1. d4 Nf6 2. c4 e6 3. Nc3 Bb4 4. Nf3 b6 5. Bd2 O-O 6. g3 Ba6 7. b3 d5 8. cxd5
exd5 9. e3 Bxf1 10. Kxf1 Nbd7 11. Kg2 c6 12. Rc1 Rc8 13. Qc2 Qe7 14. Qd3 Rfd8
15. Rc2 Nf8 16. Ne2 Bd6 17. Rhc1 Ba3 18. Rb1 Bd6 19. b4 Ne4 20. Be1 Ne6 21. a3
h6 22. Rbc1 Qb7 23. Qb3 {Svane ist sehr gut aus der Eröffnung herausgekommen
und hat bereits die leichter zu spielende Stellung. Melkumyan hat schwache
Felder am Königsflügel, den schlechten Läufer auf e1 und keine wirklichen
Angriffsziele am Damenflügel, da die einzige potentielle Schwäche auf c6 gut
überdeckt ist.} Rc7 {um den c6 notfalls ein weiteres Mal decken zu können.} (
23... Bb8 24. Qa4 $140 b5 25. Qb3 Nd6 $15) 24. Ne5 $6 (24. Qa4 Rdc8) (24. Nf4
Re8 (24... Nxf4+ $6 25. exf4 f6 26. Nh4 $14) (24... Bxf4 25. exf4 Nd6 26. Qd3
f6 $13) 25. Nd3 $11) 24... Bxe5 25. dxe5 c5 26. f3 N4g5 {[%cal Gb7f3,Gg5f3]}
27. Ng1 (27. h4 $2 Nxf3 28. Kxf3 d4+ 29. e4 d3 $17) 27... c4 28. Qb1 d4 29. h4
$2 {ignoriert den schwarzen Bauernvorstoß} (29. Rxc4 $1 Rxc4 30. Rxc4 b5 $5 {
kämpft das Feld d4 frei} (30... Qa6 31. Qc1 dxe3 32. h4 Nh7 33. Rc3 $14) 31.
Rc1 dxe3 32. Qb3 (32. h4 $2 Nxf3 33. Nxf3 Nd4 $19) 32... Nc7 33. h4 Nge6 34.
Qxe3 Nd5 35. Qe4 Qa6 $44) 29... d3 30. Rf2 Nh7 31. Bc3 Nhf8 {Diagramm [#]
Svane konnte seine Bauern nun weit ins gegnerische Lager vorschieben -
Melkumyans Figuren sind nun soweit eingeschränkt, dass er kein Gegenspiel mehr
organisieren kann.} 32. Nh3 b5 33. Rh1 Nd7 34. Nf4 Qc6 35. e4 Nb6 36. Qc1 Rcd7
37. Qd2 Na4 38. Rc1 Nd4 39. Bxd4 Rxd4 40. Nd5 R8xd5 41. exd5 Qxd5 42. Rff1 c3
$1 {wickelt in ein sofort gewonnenes Endspiel ab.} 43. Rxc3 Nxc3 44. Qxc3 Rc4
45. Qe1 Rc2+ 46. Rf2 Qa2 47. e6 fxe6 48. Rxc2 Qxc2+ 0-1